00351nam a2200121Ia 4500003000400000005001700004008004100021040001800062041000800080100004000088245006900128260003200197OSt20260226095402.0211028s2019 xx 000 0 und d cAIMIT LIBRARY aeng aKrupa, PH; Pereira, Divya.g1716090 aStudy on compensation system of employees at Campco Ltd Puttur / aMangalorebVasantha Gc2019